Jedyne państwo śródlądowe... - Statystyki

Ogólne statystyki
  • Ten quiz został rozwiązany 1 894 razy
  • Średni wynik to 13 z 20
Statystyki odpowiedzi
Wskazówka Państwo % Poprawnych
Które graniczy z Włochami i Czechami Austria
96%
Z większą liczbą koni niż ludzi Mongolia
91%
Które ma mniejszą powierzchnię niż niektóre budynki Watykan
89%
Które jest całkowicie otoczone przez RPA Lesotho
88%
Gdzie albański język jest urzędowym, a ono istnieje od 2008 roku Kosowo
86%
Które jest większe niż państwo w pierwszej odpowiedzi Kazachstan
85%
Które graniczy z Kambodżą Laos
84%
Które miało spór o nazewnictwo z Grecją Macedonia Północna
79%
W którym jest większość Hindusów Nepal
77%
Założone w 2011 roku Sudan Południowy
76%
Którego nazwa zaczyna się na literę P Paragwaj
61%
Które dotyka Jeziora Wiktorii Uganda
59%
Które wydrukowało banknot bilionowy Zimbabwe
50%
Które zostało zaatakowane przez Sowietów, Brytyjczyków i Amerykanów Afganistan
48%
Które zostało nazwane na cześć mężczyzny o pseudonimie „El Libertador” Boliwia
48%
Z romansz jako językiem urzędowym Szwajcaria
46%
Z populacją ponad 100 milionów Etiopia
45%
W którym język w tym państwie pochodzi z rodziny języków uralskich Węgry
43%
Które ma stolicę w mieście Bangi Republika Środkowoafrykańska
32%
Gdzie najpopularniejszym sportem jest łucznictwo Bhutan
23%
Nie znaleziono quizów pasujących do podanych kryteriów
Rozkład punktacji
Procent ludzi z każdym wynikiem
Percentyl według liczby udzielonych odpowiedzi
Twoja historia wyników
Nie rozwiązałeś tego quizu